[Event "ch-CHN 2016"]
[Site "Xinghua CHN"]
[Date "2016.04.17"]
[Round "1.1"]
[White "Zhao, Jun"]
[Black "Zhou, Weiqi"]
[Result "1-0"]
[WhiteTitle "GM"]
[BlackTitle "GM"]
[WhiteElo "2634"]
[BlackElo "2635"]
[WhiteFideId "8602522"]
[BlackFideId "8601674"]
[EventDate "2016.04.17"]

1. e4 e5 2. Nf3 Nc6 3. Bb5 a6 4. Ba4 Nf6 5. O-O Be7 6. d3 b5 7. Bb3 d6 8. a4 Bd7
9. c3 O-O 10. Bc2 b4 11. Re1 Re8 12. h3 Bf8 13. a5 h6 14. Nbd2 bxc3 15. bxc3 Na7
16. Nc4 Nb5 17. Bd2 Be6 18. Ba4 Nd7 19. Ne3 c6 20. c4 Nd4 21. Nxd4 exd4 22. Nf5
Ne5 23. Bf4 Bxf5 24. exf5 Rc8 25. Bg3 Nd7 26. Rxe8 Qxe8 27. Qg4 Nc5 28. Bc2 d5
29. cxd5 cxd5 30. Qxd4 Qe2 31. Qc3 d4 32. Qc4 Re8 33. Kh2 Qd2 34. Bb1 Rd8 35. f6
gxf6 36. Ba2 Rd7 37. Rb1 Qxd3 38. Qc1 Qf5 39. Rb8 Kg7 40. Qe1 Ne4 41. f3 Nd6 42.
Qb4 d3 43. Bb1 h5 44. Rxf8 Kxf8 45. Bxd6+ Kg7 46. Qb8 Qd5 47. Qf8+ Kh7 48. Bf4
Qf5 49. Bh6 Qg6 50. Bd2 Rb7 51. Ba2 h4 52. Kg1 Rd7 53. Kf1 Rc7 54. Bd5 f5 55.
Qd8 Rc2 56. Qxh4+ Kg8 57. Qe1 Rc8 58. Qe5 Kh7 59. Qe3 Rg8 60. g4 Rd8 61. Bxf7 1-0

[Event "ch-CHN 2016"]
[Site "Xinghua CHN"]
[Date "2016.04.17"]
[Round "1.2"]
[White "Lu, Shanglei"]
[Black "Zhou, Jianchao"]
[Result "1/2-1/2"]
[WhiteTitle "GM"]
[BlackTitle "GM"]
[WhiteElo "2619"]
[BlackElo "2612"]
[WhiteFideId "8603332"]
[BlackFideId "8603537"]
[EventDate "2016.04.17"]

1. e4 Nf6 2. e5 Nd5 3. c4 Nb6 4. d4 d6 5. exd6 cxd6 6. Nc3 g6 7. Be3 Bg7 8. Rc1
O-O 9. b3 Bf5 10. Nf3 d5 11. Be2 Nc6 12. O-O Bg4 13. c5 Nc8 14. b4 a6 15. Ne5
Bxe2 16. Nxc6 bxc6 17. Nxe2 e6 18. a4 Ne7 19. Ng3 f6 20. Qe2 e5 21. f4 Re8 22.
fxe5 fxe5 23. dxe5 Bxe5 24. Bg5 Bd4+ 25. Kh1 Qd7 26. Qd3 Be5 27. Rce1 Bxg3 28.
hxg3 Nf5 29. g4 Ng7 30. Qg3 Rxe1 31. Rxe1 Re8 32. Rxe8+ Nxe8 33. Qe5 d4 34. Kg1
d3 35. Bd2 Ng7 36. Qe4 Ne6 37. Qc4 Qd4+ 38. Qxd4 Nxd4 39. Kf2 Kf7 40. Ke3 Ne6
41. Kxd3 Nc7 42. g5 Ke6 43. Kc4 Kd7 44. Kd4 Ke6 45. g3 Nd5 46. Kc4 Ne7 47. Bf4
Kd7 48. Bd6 Nc8 49. Kd4 Ke6 50. Ke4 Na7 51. Bb8 Nc8 52. Kd4 Ne7 53. Kc4 Kd7 54.
Be5 Nc8 55. Bf6 Na7 56. Be5 Nc8 57. Kd4 Ke6 58. Bd6 Na7 59. Bb8 Nc8 60. Bc7 Kd7
61. Bd6 1/2-1/2

[Event "ch-CHN 2016"]
[Site "Xinghua CHN"]
[Date "2016.04.17"]
[Round "1.3"]
[White "Wang, Chen"]
[Black "Zeng, Chongsheng"]
[Result "1/2-1/2"]
[WhiteTitle "IM"]
[BlackTitle "GM"]
[WhiteElo "2514"]
[BlackElo "2549"]
[WhiteFideId "8601020"]
[BlackFideId "8603847"]
[EventDate "2016.04.17"]

1. d4 Nf6 2. Bg5 e6 3. e4 h6 4. Bxf6 Qxf6 5. c3 Nc6 6. Nd2 e5 7. d5 Ne7 8. g3
Ng6 9. b4 Bd6 10. Nc4 O-O 11. Bg2 b6 12. Ne2 a5 13. a3 Ba6 14. Ne3 c5 15. b5
Bxb5 16. Rb1 Ba6 17. Rxb6 Rfb8 18. Rxb8+ Rxb8 19. c4 Nf4 20. O-O Nxe2+ 21. Qxe2
Bf8 22. Bh3 d6 23. Qc2 g6 24. Rb1 Qd8 25. Rxb8 Qxb8 26. Qa4 Qb1+ 27. Bf1 Bc8 28.
Qxa5 Bd7 29. Qd8 Ba4 30. Ng4 Kg7 31. Nf6 Qb7 32. Ne8+ Bxe8 33. Qxe8 Be7 34. a4
Bg5 35. Qb5 Qxb5 36. cxb5 Bd8 37. Bd3 Bb6 38. Kg2 Ba5 39. Kf3 Bb6 40. Bf1 Kf6
41. Ke2 Kg7 42. Kd3 Kf6 43. Kc4 Kg7 44. Bh3 Kf8 45. f4 f6 46. Be6 g5 47. fxe5
fxe5 48. Kd3 Kg7 49. Bd7 Kf6 50. h3 Ke7 51. Bg4 Kf6 52. Bh5 Ke7 53. Ke2 Kf6 54.
Kf3 Ba5 55. Bg4 Bb6 56. Bh5 Kg7 57. Ke2 Kf6 1/2-1/2

[Event "ch-CHN 2016"]
[Site "Xinghua CHN"]
[Date "2016.04.17"]
[Round "1.4"]
[White "Xu, Jun"]
[Black "Xu, Yinglun"]
[Result "1-0"]
[WhiteTitle "GM"]
[WhiteElo "2527"]
[BlackElo "2523"]
[WhiteFideId "8600031"]
[BlackFideId "8604940"]
[EventDate "2016.04.17"]

1. d4 d5 2. c4 e6 3. Nf3 Nf6 4. Nc3 Be7 5. Bf4 c6 6. e3 Nh5 7. Be5 Nd7 8. Be2
Nxe5 9. dxe5 g6 10. Qd2 f5 11. exf6 Nxf6 12. O-O O-O 13. Rad1 Qc7 14. h3 Rd8 15.
Qc2 Kg7 16. e4 dxe4 17. Nxe4 Bd7 18. Qc3 h6 19. c5 Be8 20. Rd6 Bf7 21. Nh2 1-0

[Event "ch-CHN 2016"]
[Site "Xinghua CHN"]
[Date "2016.04.17"]
[Round "1.6"]
[White "Gao, Rui"]
[Black "Wen, Yang"]
[Result "1/2-1/2"]
[WhiteTitle "GM"]
[BlackTitle "GM"]
[WhiteElo "2552"]
[BlackElo "2614"]
[WhiteFideId "8602387"]
[BlackFideId "8602956"]
[EventDate "2016.04.17"]

1. e4 e5 2. Nf3 Nc6 3. Bb5 Nf6 4. O-O Nxe4 5. Re1 Nd6 6. Nxe5 Be7 7. Bf1 Nxe5 8.
Rxe5 O-O 9. Nc3 Ne8 10. Nd5 Bd6 11. Re1 c6 12. Ne3 Bc7 13. Nf5 d5 14. Ne7+ Kh8
15. Nxc8 Rxc8 16. d3 f5 17. Qf3 Nf6 18. Bf4 Bxf4 19. Qxf4 Qc7 20. Qxc7 Rxc7 21.
d4 g6 22. f3 Kg7 23. a4 a5 24. Kf2 Kf7 25. Bd3 Nh5 26. g3 Ng7 27. c3 Ne6 28. Re5
Rd8 29. Bc2 Rd6 30. Bb3 Rcd7 31. Ke3 1/2-1/2

[Event "ch-CHN 2016"]
[Site "Xinghua CHN"]
[Date "2016.04.18"]
[Round "2.1"]
[White "Zhou, Weiqi"]
[Black "Wen, Yang"]
[Result "1-0"]
[WhiteTitle "GM"]
[BlackTitle "GM"]
[WhiteElo "2635"]
[BlackElo "2614"]
[WhiteFideId "8601674"]
[BlackFideId "8602956"]
[EventDate "2016.04.17"]

1. Nf3 d5 2. d4 Nf6 3. c4 c6 4. Nc3 e6 5. g3 dxc4 6. Bg2 Nbd7 7. a4 Bb4 8. O-O
O-O 9. Qc2 Qe7 10. Rd1 a5 11. Bg5 h6 12. Bxf6 Qxf6 13. Ne4 Qf5 14. Rac1 Re8 15.
Nfd2 Nb6 16. Nxc4 Nxc4 17. Qxc4 e5 18. d5 cxd5 19. Qxd5 Be6 20. Qxb7 Rab8 21.
Qa7 Rbd8 22. Qe3 Rxd1+ 23. Rxd1 Rc8 24. h4 Qg6 25. Rc1 Rxc1+ 26. Qxc1 Bd5 27.
Nc3 Bc4 28. Bd5 Bxc3 29. Bxc4 Bb4 30. Bd5 Qf5 31. Qc6 Kf8 32. Kg2 Qf6 33. Qc8+
Ke7 34. h5 g6 35. Qc7+ Kf8 36. hxg6 fxg6 37. Qc8+ Ke7 38. Qg8 g5 39. Qh7+ Kf8
40. f3 Be1 41. Bc4 Bb4 42. b3 Be1 43. Qg8+ Ke7 44. Qh7+ Kd6 45. Bb5 Qe6 46. Qg7
Kc5 47. Qc7+ Kb4 48. Bc4 Qf6 49. Bd5 Bd2 50. Qc4+ Ka3 51. b4 Kb2 52. Qb3+ 1-0

[Event "ch-CHN 2016"]
[Site "Xinghua CHN"]
[Date "2016.04.18"]
[Round "2.2"]
[White "Bai, Jinshi"]
[Black "Gao, Rui"]
[Result "1/2-1/2"]
[WhiteTitle "GM"]
[BlackTitle "GM"]
[WhiteElo "2564"]
[BlackElo "2552"]
[WhiteFideId "8602280"]
[BlackFideId "8602387"]
[EventDate "2016.04.17"]

1. Nf3 d5 2. d4 Nf6 3. c4 c6 4. e3 a6 5. Bd3 Bg4 6. Nbd2 Nbd7 7. h3 Bh5 8. Qc2
Bg6 9. Bxg6 hxg6 10. O-O e6 11. b3 Bd6 12. Bb2 O-O 13. Rad1 Rc8 14. Ne5 Qe7 15.
e4 Nxe4 16. Nxe4 dxe4 17. Nxd7 Qxd7 18. Qxe4 Rfe8 19. Rd3 Be7 20. Rfd1 Bf6 21.
Bc1 Qc7 22. Bf4 Qa5 23. Qe2 Red8 24. Qd2 Qxd2 25. R3xd2 Rd7 26. Kf1 Rcd8 27. Be3
Be7 28. Ke2 f5 29. Bf4 Kf7 30. Be5 g5 31. Rd3 Bf6 32. g4 g6 33. R1d2 Be7 34. Rd1
Bf6 35. R1d2 Be7 36. Rd1 Bf6 1/2-1/2

[Event "ch-CHN 2016"]
[Site "Xinghua CHN"]
[Date "2016.04.18"]
[Round "2.4"]
[White "Zeng, Chongsheng"]
[Black "Xu, Jun"]
[Result "1-0"]
[WhiteTitle "GM"]
[BlackTitle "GM"]
[WhiteElo "2549"]
[BlackElo "2527"]
[WhiteFideId "8603847"]
[BlackFideId "8600031"]
[EventDate "2016.04.17"]

1. e4 c5 2. Nc3 d6 3. f4 g6 4. Nf3 Bg7 5. Bb5+ Bd7 6. Bc4 Nc6 7. O-O Na5 8. Be2
Nc6 9. Bc4 Na5 10. Be2 Nc6 11. d3 Nf6 12. Qe1 O-O 13. Qh4 Bg4 14. Ng5 Bxe2 15.
Nxe2 h6 16. Nf3 e6 17. f5 Nh5 18. fxe6 Qxh4 19. Nxh4 Nb4 20. exf7+ Rxf7 21. Rxf7
Kxf7 22. Bd2 Nxc2 23. Rf1+ Bf6 24. g4 Ng7 25. Bxh6 Rh8 26. g5 Ne8 27. Nc3 Ne3
28. Rf3 Ng4 29. Nd5 Nxh6 30. Nxf6 Nf5 31. exf5 Rxh4 32. fxg6+ Kxg6 33. Nxe8 d5
34. Nc7 Kxg5 35. Nxd5 1-0

[Event "ch-CHN 2016"]
[Site "Xinghua CHN"]
[Date "2016.04.18"]
[Round "2.5"]
[White "Zhou, Jianchao"]
[Black "Wang, Chen"]
[Result "1-0"]
[WhiteTitle "GM"]
[BlackTitle "IM"]
[WhiteElo "2612"]
[BlackElo "2514"]
[WhiteFideId "8603537"]
[BlackFideId "8601020"]
[EventDate "2016.04.17"]

1. c4 e5 2. Nc3 Nc6 3. Nf3 Nf6 4. d3 h6 5. e3 Be7 6. Be2 O-O 7. O-O d5 8. cxd5
Nxd5 9. a3 Be6 10. Qc2 Re8 11. Bd2 Nf6 12. b4 a6 13. Ne4 Nxe4 14. dxe4 Bd6 15.
Bc3 Qe7 16. Nd2 f6 17. Rfc1 Rec8 18. Nb3 Nb8 19. Be1 Nd7 20. Nc5 Bxc5 21. bxc5
Nb8 22. Rab1 Ra7 23. Rb2 Nc6 24. Qb1 Rb8 25. a4 Qe8 26. Rd1 Qe7 27. Qc2 Rd8 28.
Rdb1 Rb8 29. h3 Kf8 30. Kh2 Bf7 31. Qc3 Kg8 32. Qc1 Qe8 33. f3 Qe7 34. Bf1 Qe8
35. Qc2 Qe7 36. f4 g5 37. Bg3 Kg7 38. Qc3 Bg6 39. Bd3 Bh7 40. a5 Bg6 41. Bc2 Bh7
42. fxe5 fxe5 43. Rd1 Re8 44. Rd5 Qf6 45. Ba4 Bxe4 46. Rd7+ Kg6 47. Qc4 Bf5 48.
Rxc7 Re7 49. Rxe7 Qxe7 50. Qg8+ Qg7 51. Qe8+ Kh7 52. Rf2 Qg6 53. Qf8 1-0

[Event "ch-CHN 2016"]
[Site "Xinghua CHN"]
[Date "2016.04.18"]
[Round "2.6"]
[White "Zhao, Jun"]
[Black "Lu, Shanglei"]
[Result "1/2-1/2"]
[WhiteTitle "GM"]
[BlackTitle "GM"]
[WhiteElo "2634"]
[BlackElo "2619"]
[WhiteFideId "8602522"]
[BlackFideId "8603332"]
[EventDate "2016.04.17"]

1. e4 c5 2. Nf3 d6 3. Bb5+ Bd7 4. Bxd7+ Qxd7 5. c4 g6 6. d4 cxd4 7. Nxd4 Nf6 8.
Nc3 Bg7 9. h3 O-O 10. Be3 Rc8 11. b3 a6 12. a4 Nc6 13. O-O Qd8 14. Nde2 Qa5 15.
Rb1 Rab8 16. Qd2 Qb4 17. Rfc1 e6 18. Rd1 Rd8 19. Bg5 Rbc8 20. Kh1 Rd7 21. f4 h6
22. Bh4 Rcd8 23. Qe1 Ne7 24. Rd3 Nh7 25. Qd2 Bf6 26. Bf2 Bg7 27. Rd1 g5 28. fxg5
hxg5 29. Bd4 Ng6 30. Bxg7 Kxg7 31. Nd4 Qc5 32. Rg3 Qe5 33. Rg4 Qf6 34. Kg1 Ne5
35. Rg3 Rg8 36. Rf1 Qd8 37. Nf3 Kf8 38. Ne2 Rg6 39. Ned4 Ke8 40. Nh2 Nf6 41. Re3 1/2-1/2

[Event "ch-CHN 2016"]
[Site "Xinghua CHN"]
[Date "2016.04.19"]
[Round "3.2"]
[White "Wang, Chen"]
[Black "Zhao, Jun"]
[Result "1/2-1/2"]
[WhiteTitle "IM"]
[BlackTitle "GM"]
[WhiteElo "2514"]
[BlackElo "2634"]
[WhiteFideId "8601020"]
[BlackFideId "8602522"]
[EventDate "2016.04.17"]

1. e4 c5 2. Nf3 d6 3. Bb5+ Nd7 4. O-O a6 5. Bxd7+ Bxd7 6. d4 cxd4 7. Qxd4 Rc8 8.
c4 Nf6 9. Bg5 Qc7 10. b3 Ng4 11. Nbd2 h6 12. Bh4 e5 13. Qd3 Be7 14. h3 Bxh4 15.
Nxh4 Nf6 16. Nf5 Bxf5 17. exf5 O-O 18. Ne4 Nxe4 19. Qxe4 Qc6 20. Qe3 f6 21. Rfd1
Rfd8 22. Qd2 Kh7 23. Qd5 Qd7 24. Qf3 Rc5 25. Rd5 b5 26. Rad1 Rxd5 27. Qxd5 bxc4
28. bxc4 Qxf5 29. c5 Kh8 30. cxd6 Qd7 31. Qa5 Qc8 32. Kh2 Rd7 33. Qd5 Qc2 34.
Rd2 Qc3 35. g3 Qb4 36. Kg2 a5 37. Rd3 Qb6 38. h4 Kh7 39. h5 Kh8 40. Rc3 Qb8 41.
Rc6 Qb7 42. Kh2 f5 43. a4 Rd8 44. Kg2 Qd7 45. Ra6 Qxa4 46. Ra8 Rxa8 47. Qxa8+
Kh7 48. Qd5 Qd7 49. Qxe5 a4 50. Qe7 Qc6+ 51. Kg1 Qc1+ 52. Kg2 1/2-1/2

[Event "ch-CHN 2016"]
[Site "Xinghua CHN"]
[Date "2016.04.19"]
[Round "3.3"]
[White "Xu, Jun"]
[Black "Zhou, Jianchao"]
[Result "1/2-1/2"]
[WhiteTitle "GM"]
[BlackTitle "GM"]
[WhiteElo "2527"]
[BlackElo "2612"]
[WhiteFideId "8600031"]
[BlackFideId "8603537"]
[EventDate "2016.04.17"]

1. d4 Nf6 2. c4 e6 3. Nf3 Bb4+ 4. Bd2 Bxd2+ 5. Qxd2 O-O 6. g3 d5 7. Bg2 Nbd7 8.
O-O c6 9. Qc2 b6 10. Nbd2 Bb7 11. e4 c5 12. cxd5 exd5 13. e5 Ne4 14. Nxe4 dxe4
15. Nh4 cxd4 16. Bxe4 Bxe4 17. Qxe4 Re8 18. Qxd4 Nxe5 19. Qxd8 Raxd8 20. Rfd1 g6
21. Rac1 Rxd1+ 22. Rxd1 Kf8 23. Kg2 Rc8 24. Rd2 Ke7 25. Nf3 Nxf3 26. Kxf3 Rc5
27. Ke4 Rc4+ 28. Kd3 Rc5 29. Ke4 Rc4+ 30. Kd3 Rc5 1/2-1/2

[Event "ch-CHN 2016"]
[Site "Xinghua CHN"]
[Date "2016.04.19"]
[Round "3.5"]
[White "Gao, Rui"]
[Black "Xu, Yinglun"]
[Result "0-1"]
[WhiteTitle "GM"]
[WhiteElo "2552"]
[BlackElo "2523"]
[WhiteFideId "8602387"]
[BlackFideId "8604940"]
[EventDate "2016.04.17"]

1. e4 c5 2. Nf3 d6 3. d4 cxd4 4. Nxd4 Nf6 5. Nc3 a6 6. Bg5 Nbd7 7. Bc4 Qb6 8.
Bb3 e6 9. Qd2 Be7 10. O-O-O Nc5 11. Rhe1 h6 12. Bh4 O-O 13. Bg3 Bd7 14. Kb1 Rfd8
15. f4 Bc6 16. Nxc6 Qxc6 17. Qe2 Nxb3 18. axb3 d5 19. e5 Ne8 20. Bf2 b5 21. Qd3
Bb4 22. Bd4 a5 23. Re3 Bxc3 24. Qxc3 Qd7 25. Qe1 Ra6 26. Rdd3 b4 27. Rh3 Rc8 28.
Rdg3 Qc6 29. c3 a4 30. Rxh6 axb3 31. Rxg7+ Nxg7 32. Qh4 Ra1+ 33. Kxa1 Qa6+ 34.
Kb1 Qf1+ 0-1

[Event "ch-CHN 2016"]
[Site "Xinghua CHN"]
[Date "2016.04.19"]
[Round "3.6"]
[White "Wen, Yang"]
[Black "Bai, Jinshi"]
[Result "1/2-1/2"]
[WhiteTitle "GM"]
[BlackTitle "GM"]
[WhiteElo "2614"]
[BlackElo "2564"]
[WhiteFideId "8602956"]
[BlackFideId "8602280"]
[EventDate "2016.04.17"]

1. d4 Nf6 2. Nf3 g6 3. g3 Bg7 4. Bg2 d5 5. O-O O-O 6. Nbd2 c6 7. c4 Bf5 8. b3
Ne4 9. Bb2 Qa5 10. a3 Nd7 11. Rc1 Rad8 12. e3 Rfe8 13. Re1 Nxd2 14. Nxd2 Nf6 15.
b4 Qb6 16. Qb3 Ne4 17. Nxe4 Bxe4 18. Bxe4 dxe4 19. Red1 a5 20. b5 e5 21. c5 Qxb5
22. Qxb5 cxb5 23. d5 Rc8 24. d6 Red8 25. Rd5 Rd7 26. Bc3 a4 27. Ba5 f5 28. Rb1
Kf7 29. Rxb5 Ke6 30. Rd2 Bf6 31. Rdb2 Bd8 32. Bxd8 Rdxd8 33. Ra5 Kd5 34. Rxb7
Rxc5 35. Rxa4 Rxd6 36. Rb1 Ke6 37. Rab4 1/2-1/2

[Event "ch-CHN 2016"]
[Site "Xinghua CHN"]
[Date "2016.04.20"]
[Round "4.1"]
[White "Zhou, Weiqi"]
[Black "Bai, Jinshi"]
[Result "1/2-1/2"]
[WhiteTitle "GM"]
[BlackTitle "GM"]
[WhiteElo "2635"]
[BlackElo "2564"]
[WhiteFideId "8601674"]
[BlackFideId "8602280"]
[EventDate "2016.04.17"]

1. d4 d5 2. Nf3 Nf6 3. c4 c6 4. Qc2 dxc4 5. Qxc4 Bg4 6. Nbd2 Nbd7 7. g3 e6 8.
Bg2 Be7 9. O-O O-O 10. b3 Qa5 11. Bb2 Qh5 12. Rfe1 Bh3 13. e4 Rac8 14. Rac1 Rfd8
15. a4 a6 16. b4 b5 17. axb5 Bxg2 18. Kxg2 Qxb5 19. Bc3 Nb6 20. Qxb5 cxb5 21.
Nb3 Rxc3 22. Rxc3 Bxb4 23. Rc6 Bxe1 24. Rxb6 Bc3 25. e5 Nd5 26. Rxa6 h6 27. Ra7
b4 28. h4 Kf8 29. Kf1 Ne7 30. Ke2 Nc6 31. Ra4 Bxd4 32. Nbxd4 Nxd4+ 33. Nxd4 Rxd4
34. Ke3 Rd5 35. Rxb4 Rxe5+ 36. Kf3 g6 37. Rb3 Ra5 38. Rc3 Kg7 39. Rb3 Ra2 40.
Rc3 f5 41. Rb3 Kf6 42. Rc3 Ra6 43. Rb3 Rc6 44. Ra3 Rb6 45. Rc3 Ra6 46. Rb3 e5
47. Ke3 g5 48. hxg5+ Kxg5 49. Rb8 Ra3+ 50. Ke2 Ra2+ 51. Ke3 Ra3+ 52. Ke2 Ra6 53.
Rg8+ Kf6 54. Rf8+ Ke6 55. Ke3 Ra3+ 56. Ke2 Ra2+ 57. Ke3 Ra1 58. Rh8 Rh1 59. Re8+
Kf6 60. Rf8+ Kg6 61. Re8 e4 62. f3 Kf7 63. Ra8 exf3 64. Kxf3 Rb1 65. Ra6 Kg7 66.
g4 Rb3+ 67. Kf4 fxg4 68. Kxg4 Rb4+ 69. Kh5 Rb5+ 70. Kh4 Rb4+ 71. Kh5 Rb5+ 1/2-1/2

[Event "ch-CHN 2016"]
[Site "Xinghua CHN"]
[Date "2016.04.20"]
[Round "4.2"]
[White "Xu, Yinglun"]
[Black "Wen, Yang"]
[Result "0-1"]
[BlackTitle "GM"]
[WhiteElo "2523"]
[BlackElo "2614"]
[WhiteFideId "8604940"]
[BlackFideId "8602956"]
[EventDate "2016.04.17"]

1. d4 d5 2. c4 c6 3. Nf3 e6 4. e3 Bd6 5. Nbd2 f5 6. Bd3 Nf6 7. b3 O-O 8. Bb2 Bd7
9. Qc1 Qe7 10. O-O Be8 11. Ne5 Bh5 12. f4 Nbd7 13. Nxd7 Qxd7 14. Ba3 Rac8 15.
Bxd6 Qxd6 16. c5 Qe7 17. b4 Kh8 18. Qb2 Rg8 19. Nf3 Bxf3 20. Rxf3 g5 21. b5 Rg7
22. bxc6 bxc6 23. fxg5 Rxg5 24. Rb1 Rcg8 25. g3 R5g7 26. Kf1 Ng4 27. Qe2 Rg6 28.
Kg2 Qg7 29. Qe1 Rh6 30. h3 Nf6 31. Rb2 Rh5 32. Re2 Qh6 33. Qh1 Rhg5 34. Qh2 Qg7
35. Kf1 Ne4 36. Bxe4 dxe4 37. Rf4 Rxg3 0-1

[Event "ch-CHN 2016"]
[Site "Xinghua CHN"]
[Date "2016.04.20"]
[Round "4.3"]
[White "Zeng, Chongsheng"]
[Black "Gao, Rui"]
[Result "1/2-1/2"]
[WhiteTitle "GM"]
[BlackTitle "GM"]
[WhiteElo "2549"]
[BlackElo "2552"]
[WhiteFideId "8603847"]
[BlackFideId "8602387"]
[EventDate "2016.04.17"]

1. e4 c5 2. Nc3 d6 3. f4 e6 4. Nf3 Nc6 5. Bb5 Ne7 6. d4 cxd4 7. Qxd4 a6 8. Bxc6+
Nxc6 9. Qf2 b5 10. Be3 Rb8 11. O-O-O Qa5 12. Kb1 b4 13. Ne2 Be7 14. g4 O-O 15.
f5 Bd7 16. Bf4 Qc7 17. f6 gxf6 18. g5 f5 19. exf5 e5 20. f6 Bf5 21. Ng3 Bg6 22.
fxe7 Nxe7 23. Bc1 b3 24. axb3 Rfc8 25. Ne1 Rxb3 26. h4 Rxg3 27. Qxg3 Bxc2+ 28.
Nxc2 Qxc2+ 29. Ka1 Rc4 30. b3 Rc5 31. Ba3 Rc3 32. Rc1 Qxc1+ 33. Rxc1 Rxg3 34.
Bxd6 Ng6 35. h5 Rxg5 36. hxg6 hxg6 37. Rc6 e4 38. Rxa6 Rd5 39. Kb2 e3 40. Bf4 e2
41. Ra8+ Kg7 42. Re8 g5 43. Bc1 Kg6 44. Rxe2 f5 45. Rg2 g4 46. Rh2 Rd3 47. Rh6+
Kg7 48. Rh5 Kf6 49. Kc2 Rf3 50. b4 g3 51. Rh8 Rf2+ 52. Kd3 g2 53. Rg8 Kf7 54.
Rg5 Rf1 55. Be3 f4 56. Bc5 f3 57. b5 f2 58. Bxf2 Rxf2 59. Kc4 1/2-1/2

[Event "ch-CHN 2016"]
[Site "Xinghua CHN"]
[Date "2016.04.20"]
[Round "4.5"]
[White "Zhao, Jun"]
[Black "Xu, Jun"]
[Result "1/2-1/2"]
[WhiteTitle "GM"]
[BlackTitle "GM"]
[WhiteElo "2634"]
[BlackElo "2527"]
[WhiteFideId "8602522"]
[BlackFideId "8600031"]
[EventDate "2016.04.17"]

1. e4 e5 2. Nf3 Nc6 3. Bb5 a6 4. Ba4 Nf6 5. d3 b5 6. Bb3 Bc5 7. a4 Rb8 8. O-O d6
9. axb5 axb5 10. c3 O-O 11. h3 h6 12. Re1 Re8 13. Nbd2 Bb6 14. Nf1 Ne7 15. Nh4
Be6 16. Be3 Qd7 17. Bxe6 Qxe6 18. Bxb6 Rxb6 19. Ng3 d5 20. exd5 Qxd5 21. Re3 Re6
22. Qe2 Qd7 23. Ngf5 Nxf5 24. Nxf5 Kh7 25. c4 e4 26. dxe4 Rxe4 27. Rxe4 Rxe4 28.
Ne3 bxc4 29. Rd1 Rd4 30. Rxd4 Qxd4 31. Nxc4 1/2-1/2

[Event "ch-CHN 2016"]
[Site "Xinghua CHN"]
[Date "2016.04.20"]
[Round "4.6"]
[White "Lu, Shanglei"]
[Black "Wang, Chen"]
[Result "1/2-1/2"]
[WhiteTitle "GM"]
[BlackTitle "IM"]
[WhiteElo "2619"]
[BlackElo "2514"]
[WhiteFideId "8603332"]
[BlackFideId "8601020"]
[EventDate "2016.04.17"]

1. e4 e5 2. Nc3 Nc6 3. Nf3 Nf6 4. d4 exd4 5. Nxd4 Bb4 6. Nxc6 bxc6 7. Bd3 d5 8.
exd5 cxd5 9. O-O O-O 10. Bg5 c6 11. Qf3 h6 12. Bxf6 Qxf6 13. Qxf6 gxf6 14. Ne2
Bd6 15. Rfe1 Rb8 16. b3 Bd7 17. Rad1 Rfe8 18. Nd4 Re5 19. h3 Rbe8 20. Nf3 R5e7
21. Kf1 Rxe1+ 22. Nxe1 Be5 23. Nf3 Bc3 24. Nd2 a5 25. Nb1 Bb4 26. a3 Bf8 27. Re1
Re5 28. Re2 Bd6 29. Ke1 Kf8 30. Kd2 Rg5 31. f3 Bf4+ 32. Kd1 Bd6 33. Kd2 Bf4+ 1/2-1/2

[Event "ch-CHN 2016"]
[Site "Xinghua CHN"]
[Date "2016.04.21"]
[Round "5.1"]
[White "Wang, Chen"]
[Black "Zhou, Weiqi"]
[Result "0-1"]
[WhiteTitle "IM"]
[BlackTitle "GM"]
[WhiteElo "2514"]
[BlackElo "2635"]
[WhiteFideId "8601020"]
[BlackFideId "8601674"]
[EventDate "2016.04.17"]

1. e4 c5 2. Nf3 Nc6 3. Bb5 e5 4. O-O Bd6 5. c3 Nge7 6. Ba4 O-O 7. Bb3 Bc7 8. d4
d6 9. h3 Na5 10. Bc2 Ng6 11. Bg5 Qe8 12. Nbd2 b5 13. Re1 Bb6 14. Be3 Bd7 15. Rc1
Rc8 16. Bb1 cxd4 17. cxd4 Rxc1 18. Qxc1 Qb8 19. b3 Rc8 20. Qb2 f6 21. Nf1 Be8
22. Ng3 Nc6 23. Rd1 Nce7 24. Qd2 Qc7 25. Ne2 Nf8 26. Ne1 Ne6 27. Rc1 Qd8 28.
Rxc8 Nxc8 29. b4 exd4 30. Nxd4 Nxd4 31. Bxd4 Bf7 32. Nf3 a6 33. a3 Ne7 34. Ba2
Bxd4 35. Nxd4 Qd7 36. Bxf7+ Kxf7 37. Nc2 Qe6 38. Ne3 Qxe4 39. Qxd6 Qe6 40. Qc7
Qc6 41. Qxc6 Nxc6 42. Nd5 Nb8 43. Kf1 Ke6 44. Ne3 Ke5 45. Ke2 f5 46. Kd3 f4 47.
Nd1 Nd7 48. Nc3 Nb6 49. Ne4 Na4 50. Ng5 h6 51. Nf3+ Kd5 52. Ne1 Nb2+ 53. Kc2 Nc4
54. Nd3 g5 55. Kb3 Nd2+ 56. Kc2 Ne4 57. h4 Kd4 58. hxg5 hxg5 59. f3 Nd6 60. Nc5
Ke3 61. Ne6 Nf7 62. Kc3 Kf2 63. Kd3 Kxg2 64. Ke4 Kg3 65. Nd4 Nd6+ 66. Ke5 Nc4+
67. Kf5 Nd2 0-1

[Event "ch-CHN 2016"]
[Site "Xinghua CHN"]
[Date "2016.04.21"]
[Round "5.2"]
[White "Xu, Jun"]
[Black "Lu, Shanglei"]
[Result "1/2-1/2"]
[WhiteTitle "GM"]
[BlackTitle "GM"]
[WhiteElo "2527"]
[BlackElo "2619"]
[WhiteFideId "8600031"]
[BlackFideId "8603332"]
[EventDate "2016.04.17"]

1. Nf3 Nf6 2. c4 e6 3. g3 d5 4. Bg2 c5 5. cxd5 Nxd5 6. O-O Nc6 7. d4 Nb6 8. dxc5
Qxd1 9. Rxd1 Bxc5 10. Nc3 Bd7 11. Bf4 f6 12. Rac1 Be7 13. Bc7 Rc8 14. Nb5 Nd5
15. Nd6+ Bxd6 16. Bxd6 Kf7 17. Ba3 Na5 18. b3 Rxc1 19. Rxc1 Rc8 20. Rxc8 Bxc8
21. Nd2 b6 22. Ne4 Nb7 23. f4 Bd7 24. f5 Bc6 25. fxe6+ Kxe6 26. Kf2 Ne7 27. Bh3+
Kf7 28. Nc3 Nc5 29. Ke3 Ne6 30. Bg4 Ng5 31. Bd6 g6 1/2-1/2

[Event "ch-CHN 2016"]
[Site "Xinghua CHN"]
[Date "2016.04.21"]
[Round "5.4"]
[White "Gao, Rui"]
[Black "Zhou, Jianchao"]
[Result "1/2-1/2"]
[WhiteTitle "GM"]
[BlackTitle "GM"]
[WhiteElo "2552"]
[BlackElo "2612"]
[WhiteFideId "8602387"]
[BlackFideId "8603537"]
[EventDate "2016.04.17"]

1. e4 Nf6 2. e5 Nd5 3. c4 Nb6 4. d4 d6 5. exd6 cxd6 6. Nc3 g6 7. Be3 Bg7 8. Rc1
O-O 9. b3 Bf5 10. Nge2 d5 11. c5 Nc8 12. Ng3 Nc6 13. Nxf5 gxf5 14. Bd3 e5 15.
Qh5 N8e7 16. Ne2 Qa5+ 17. Bd2 Qxa2 18. dxe5 Qxb3 19. Bc2 Qb2 20. O-O Nd4 21.
Nxd4 Qxd4 22. Rfd1 Qg4 23. Qxg4 fxg4 24. Rb1 Rfc8 25. Rxb7 Rxc5 26. Bb3 Nc6 27.
Be3 d4 28. Bxd4 Nxd4 29. Rxd4 Rc1+ 30. Rd1 Rxd1+ 31. Bxd1 Bxe5 32. Bxg4 a5 33.
Bh5 f6 34. Bf3 Rb8 35. Rxb8+ Bxb8 36. h3 a4 37. Kf1 a3 38. Ke2 Kf8 39. Bd5 1/2-1/2